000 00461nam a2200145 i 4500
001 bg
100 1 _aROGUSKI, Mirosław
245 0 _aSpołeczno-wychowawcze funkcje studiów dla pracujących w PRL /
_cMirosław Roguski.
260 _aWarszawa,
_c1980.
040 _cBPK
041 _apol
942 _cKS
008 s pl f |000 0 pol
856 _uhttp://koha.tu.koszalin.pl/cgi-bin/koha/opac-detail.pl?biblionumber=20591
_yKatalog online BPK
999 _c20591
_d20591